000 00322nam a22001337a 4500
008 180312b xxu||||| |||| 00| 0 eng d
020 _a9780312459888
041 _aeng
080 _a159.9
100 _a48
101 _aPSI
245 _aFrom critical thinking to argument a portable guide
_cBarnet,S
942 _2udc
_cBK
999 _c44685
_d44685